| 000 | 00867nam a22001937a 4500 | ||
|---|---|---|---|
| 005 | 20240108144853.0 | ||
| 008 | 240108b ||||| |||| 00| 0 eng d | ||
| 020 | _a9780070430273 | ||
| 040 | _cAL | ||
| 041 | _aeng | ||
| 082 |
_223 _a530.11 _bMOOT |
||
| 100 |
_aThomas A Moore _9147695 |
||
| 245 |
_aTravelers guide to spacetime _b: an introduction to the special theory of relativity |
||
| 260 |
_aNew York _bMcGraw-Hill _c1976 |
||
| 300 |
_axvi,223p. _bPB _c23x16cm. |
||
| 520 | _aThis innovative, inexpensive supplement will add a special dimension to any general physics class, or advanced course in special relativity. Professor Moore has written a concise yet thorough introduction to topics in special relativity, developing concepts clearly and presenting them in an accessible manner. | ||
| 650 |
_2Special Relativity _aPhysics _9147696 |
||
| 942 |
_2ddc _cBK |
||
| 999 |
_c229599 _d229599 |
||